000 00882cam a2200289Ma 4500
001 100931
005 20230410105242.0
008 110204s2011 fr 000 0 fre d
035 _a(OCoLC)ocn718633568
040 _aRERO labcud
_bfre
_cCHRRO
020 _a9782914319409
020 _a2914319401
029 0 _aCHRRO
_bR005920082
035 _a(OCoLC)718633568
050 1 4 _aU 162
_bL213i 2011
082 0 0 _a355.02
100 1 _aLa Maisonneuve, Eric de.
245 1 0 _aIntermédes stratégiques /
_c[Préface et textes de Eric de la Maisonneuve].
260 _aParis :
_bSociété de stratégie,
_c2011.
300 _a152 p.
490 0 _aCahiers d'Agir
500 _aReprend des articles parus dans la revue "Agir" Numéro de : "Les Cahiers d'agir", (2010/2011-hiver)n°4.
650 0 _aStrategy.
650 4 _a20151200
942 _2lcc
_cbk
994 _aC0
_bDRFGD
999 _c32961
_d32961